[Event "FICGS class D 000186 email"]
[Site "FICGS email"]
[Date "2012.09.05"]
[Round "1"]
[White "Plunkett, Louis"]
[Black "Frame, Jeremy"]
[Result "1-0"]
[WhiteElo "1510"]
[BlackElo "1414"]
[PlyCount "23"]
[EventDate "2012.??.??"]
[EventType "tourn (corr)"]
[EventRounds "6"]
[SourceTitle "Corr 2022"]
[Source "ChessBase"]
[SourceDate "2021.10.24"]
[SourceVersion "1"]
[SourceVersionDate "2021.10.24"]
[SourceQuality "1"]

1. d4 d5 2. e4 dxe4 3. f3 exf3 4. Qxf3 Nf6 5. Nc3 Qxd4 6. Be3 Qd8 7. Rd1 Nbd7 8. Bf4 e6 9. Nb5 e5 10. Bxe5 c6 11. Nc7+ Ke7 12. Bd6# 1-0